Cantos de Maldoror /
Tallennettuna:
| Päätekijä: | |
|---|---|
| Muut tekijät: | |
| Aineistotyyppi: | Elektroninen E-kirja |
| Kieli: | espanja ranska |
| Julkaistu: |
Madrid :
Visor Libros,
[2011]
|
| Sarja: | Colección Visor de poesía ;
v. 374. |
| Aiheet: | |
| Linkit: | Digitalia Hispánica |
| Tagit: |
Lisää tagi
Ei tageja, Lisää ensimmäinen tagi!
|
MARC
| LEADER | 00000nam a2200000Ii 4500 | ||
|---|---|---|---|
| 001 | DIGVISR0571 | ||
| 003 | NyNyDIG | ||
| 006 | m o d | ||
| 007 | cr ||||||||||| | ||
| 008 | 210714s2011 sp o 000 p spa d | ||
| 035 | |a (OCoLC)1282641653 | ||
| 040 | |a DGITA |b eng |e rda |e pn |c DGITA | ||
| 020 | |z 9788475223742 | ||
| 020 | |z 9788475223745 | ||
| 041 | 1 | |a spa |h fre | |
| 050 | 1 | 4 | |a PQ2220.D723 ebook |
| 082 | 0 | 4 | |a 841.914 |
| 100 | 1 | |a Lautréamont, comte de, |d 1846-1870, |e author. | |
| 240 | 1 | 0 | |a Chants de Maldoror. |l Spanish |s (Alonso) |
| 245 | 1 | 0 | |a Cantos de Maldoror / |c Isidore Ducasse ; prólogo y traducción de Ana Alonso |
| 264 | 1 | |a Madrid : |b Visor Libros, |c [2011] | |
| 300 | |a 1 online resource. | ||
| 336 | |a text |2 rdacontent | ||
| 337 | |a computer |b c |2 rdamedia | ||
| 338 | |a online resource |b cr |2 rdacarrier | ||
| 347 | |a text file |2 rdaft | ||
| 347 | |b PDF | ||
| 490 | 1 | |a Volumen CCCLXXIV de la Colección Visor de poesía | |
| 588 | 0 | |a Online resource; title from PDF title page (Digitalia, viewed July 14, 2021) | |
| 655 | 7 | |a Poetry. |2 lcgft | |
| 655 | 0 | |a Electronic books. | |
| 700 | 1 | |a Alonso, Ana, |e contributor agent of text, |e translator. | |
| 700 | 1 | |i Translation of: |a Lautréamont, comte de, |d 1846-1870. |t Chants de Maldoror. | |
| 791 | 2 | |a Digitalia (Firm), |e distributor. | |
| 793 | 0 | |g Digitalia eBook Collection: |a Visor Libros. | |
| 776 | 0 | 8 | |i Print version: |a Lautréamont, comte de, 1846-1870. |s Chants de Maldoror. Spanish (Alonso). |t Cantos de Maldoror. |b 3a edición. |d Madrid : Visor Libros, 2011 |z 9788475223742 |
| 830 | 0 | |a Colección Visor de poesía ; |v v. 374. | |
| 856 | 4 | 0 | |3 Digitalia Hispánica |u https://digitalia.unach.elogim.com/a/76789/ |
| 910 | |a Premium Collection: 2021 | ||